| 000 | 00939cab a22001935a 4500 | ||
|---|---|---|---|
| 001 | L143051 | ||
| 008 | 070904s2007 xxkd f 000 0 eng d | ||
| 035 | _a(Sirsi) u143051 | ||
| 041 | 0 | _aeng | |
| 100 | 1 | _aFrench, Nick | |
| 245 | 0 | 4 | _aThe valuation of rented freehold property |
| 260 | _c2008 | ||
| 490 | 0 |
_aJournal of Property Investment and Finance _v26(2) 2008, 177-181(5) |
|
| 520 | _aExamines the valuation of rack-rented property by implicit and explicit methods to value properties let above or below the current market rent (i.e. reversionary freehold properties). Finds the implicit method does not produce the same capitalisation rate as the discounted cash flow valuation, and that this approach is not rational. Focuses on examples where rentals are below the market rate and where rents are rising. | ||
| 590 | _aKA | ||
| 651 | 4 |
_aUnited Kingdom _y |
|
| 690 | _aPROPERTY-PROPERTY APPRAISAL AND VALUATION | ||
| 942 | _n0 | ||
| 999 |
_c80040 _d80040 |
||